Handbook of Microbiological Quality Control : (Record no. 857)

MARC details
000 -LEADER
fixed length control field 00904cam a22002774a 4500
001 - CONTROL NUMBER
control field 12011072
003 - CONTROL NUMBER IDENTIFIER
control field OSt
005 - DATE AND TIME OF LATEST TRANSACTION
control field 20180924191256.0
008 - FIXED-LENGTH DATA ELEMENTS--GENERAL INFORMATION
fixed length control field 000517s2000 enkaf bf 001 0 eng
010 ## - LIBRARY OF CONGRESS CONTROL NUMBER
LC control number 00041187
020 ## - INTERNATIONAL STANDARD BOOK NUMBER
Canceled/invalid ISBN
International Standard Book Number 0-74840614X
020 ## - INTERNATIONAL STANDARD BOOK NUMBER
International Standard Book Number 9780748406142
040 ## - CATALOGING SOURCE
Original cataloging agency DLC
Transcribing agency DLC
Modifying agency DLC
042 ## - AUTHENTICATION CODE
Authentication code pcc
050 00 - LIBRARY OF CONGRESS CALL NUMBER
Classification number QR46.5
Item number .H36 2000
082 00 - DEWEY DECIMAL CLASSIFICATION NUMBER
Classification number QW 4 H192r 2007
Edition number 21
100 ## - MAIN ENTRY--PERSONAL NAME
Personal name Edited by Rosamund M. Baird, Norman A. Hodges, Stephen P. Denyer.
9 (RLIN) 12676
245 00 - TITLE STATEMENT
Title Handbook of Microbiological Quality Control :
Remainder of title pharmaceuticals and medical devices
260 ## - PUBLICATION, DISTRIBUTION, ETC. (IMPRINT)
Place of publication, distribution, etc. London ;
Name of publisher, distributor, etc. Taylor & Francis,
Date of publication, distribution, etc. 2000.
300 ## - PHYSICAL DESCRIPTION
Extent xvi, 254 p., [4] p. of plates :
Other physical details col.ill:
Dimensions 26 cm.
504 ## - BIBLIOGRAPHY, ETC. NOTE
Bibliography, etc Includes bibliographical references and index.
650 #0 - SUBJECT ADDED ENTRY--TOPICAL TERM
Topical term or geographic name as entry element Pharmaceuticals
9 (RLIN) 2321
650 #0 - SUBJECT ADDED ENTRY--TOPICAL TERM
Topical term or geographic name as entry element Microbiology
9 (RLIN) 749
906 ## - LOCAL DATA ELEMENT F, LDF (RLIN)
a 7
b cbc
c orignew
d 1
e ocip
f 20
g y-gencatlg
942 ## - ADDED ENTRY ELEMENTS (KOHA)
Source of classification or shelving scheme Other/Generic Classification Scheme
Koha item type Short Loan
Holdings
Withdrawn status Lost status Source of classification or shelving scheme Damaged status Not for loan Home library Current library Date acquired Source of acquisition Inventory number Total Checkouts Full call number Barcode Date last seen Koha item type
    Other/Generic Classification Scheme     MUST Main Library MUST Main Library 07/01/2015   07/29288   QW 4 H192 2007 2015-0035 07/01/2015 Short Loan
    Other/Generic Classification Scheme     MUST Main Library MUST Main Library 16/06/2016   08/29618   QW 4 H192r 2007 2016-2527 16/06/2016 Open Shelf
    Other/Generic Classification Scheme     MUST Main Library MUST Main Library 16/06/2016   08/29616   QW 4 H192r 2007 2016-2528 16/06/2016 Open Shelf
    Other/Generic Classification Scheme     MUST Main Library MUST Main Library 20/07/2016   08/29617   QW 4 H192r 2007 2016-3342 20/07/2016 Open Shelf